Statistics for Country Word Search #3

Click here to take the quiz!

General Stats

  • This quiz has been taken 15,130 times
    (14,362 since last reset)
  • The average score is 9 of 10

Answers on the Map

Answers color-coded by a green-red scale on the quiz's map according to % correct below.
 

Answer Stats

Answer% Correct
Kosovo
99%
Bolivia
97%
Canada
94%
Yemen
93%
Mexico
92%
Tonga
92%
Fiji
86%
Kenya
86%
Ghana
81%
Libya
53%

Score Distribution

Percentile by Number Answered

Percent of People with Each Score

Your Score History

You have not taken this quiz since the last reset